[Event "S02021, 2020 Server NA  Class B, Rd 1"]
[Site "CCLA"]
[Date "2020.04.25"]
[Round "?"]
[White "Disque, Philip"]
[Black "Smail, John"]
[Result "0-1"]
[WhiteElo "1689"]
[BlackElo "1682"]

1. Nf3 e6 2. c4 f5 3. d4 Nf6 4. g3 Be7 5. Bg2 d6 6. O-O O-O 7. Nc3 Ne4 8. 
Nxe4 fxe4 9. Nd2 d5 10. Qb3 c6 11. f4 Kh8 12. Qc3 Nd7 13. b3 Qe8 14. Bb2 
Qh5 15. Rae1 Nf6 16. h3 a5 17. a4 Bb4 18. Qe3 h6 19. c5 Bd7 20. Bc3 Nh7 
21. Bxb4 axb4 22. Nb1 b6 23. cxb6 Rfb8 24. Rf2 Rxb6 25. Bf1 g5 26. Rh2 Rf8
27. Qf2 gxf4 28. g4 Qg6 29. Qh4 Ng5 30. Nd2 e5 31. dxe5 c5 32. Bg2 Qg7 33.
 Rf1 Qxe5 34. Qxh6+ Rxh6 0-1

[Event "S02021, 2020 Server NA  Class B, Rd 1"]
[Site "CCLA"]
[Date "2020.04.25"]
[Round "?"]
[White "Disque, Philip"]
[Black "Towery, Bryan"]
[Result "1-0"]
[WhiteElo "1689"]
[BlackElo "1591"]

1. Nf3 d5 2. d4 e6 3. e3 f6 4. Bd3 Nh6 5. c4 Bb4+ 6. Nc3 c6 7. Bd2 O-O 8. 
Qc2 f5 9. Qb3 c5 10. cxd5 Na6 11. dxe6 Bxe6 12. Qxe6+ Kh8 13. O-O Nc7 14. 
Qb3 b6 15. a3 Bxc3 16. bxc3 Rb8 17. Qc2 Ne6 18. Bc4 Nc7 19. a4 Qd6 20. 
Rfb1 Qe7 21. Bc1 Ne6 22. Bxe6 Qxe6 23. Ba3 Qd6 24. dxc5 bxc5 25. Rxb8 Rxb8
26. Rb1 Rxb1+ 27. Qxb1 g6 28. h3 a6 29. c4 Kg8 30. Qc2 Nf7 31. Bb2 Qd7 32.
 Ne5 Nxe5 33. Bxe5 Kf7 34. Kf1 Ke6 35. Bc3 Ke7 36. Ke2 Qe6 37. Qb3 Qc6 38.
 f3 Ke6 39. a5 h5 40. Qb6 Qxb6 41. axb6 Kd6 42. f4 Kc6 43. Ba5 Kb7 44. Kf3
h4 45. g3 hxg3 46. Kxg3 1-0

[Event "S02021, 2020 Server NA  Class B, Rd 1"]
[Site "CCLA"]
[Date "2020.04.25"]
[Round "?"]
[White "Disque, Philip"]
[Black "Fisher Jr., Arthur"]
[Result "0-1"]
[WhiteElo "1689"]
[BlackElo "1583"]

1. Nf3 d5 2. c4 Nf6 3. cxd5 Qxd5 4. Nc3 Qd8 5. d4 Bg4 6. e3 c6 7. Bc4 e6 
8. h3 Bh5 9. g4 Bg6 10. Ne5 Nbd7 11. Nxg6 hxg6 12. Qf3 Bb4 13. e4 Nb6 14. 
Bb3 Qxd4 15. O-O Bxc3 16. bxc3 Qxe4 17. Qg2 Qxg2+ 18. Kxg2 O-O-O 19. Bg5 
Rd3 20. f3 Rxc3 21. Rad1 Nfd5 22. Rfe1 Nc4 23. Rd4 Nce3+ 24. Bxe3 Nxe3+ 
25. Kg3 Nc2 26. Rf4 Nxe1 27. Rxf7 Rxb3 28. axb3 a5 29. Rxg7 Nxf3 30. Rxg6 
Nd4 31. h4 b5 32. h5 a4 33. bxa4 bxa4 34. Rg7 Kb8 35. Rd7 c5 36. Rf7 c4 
37. Rf1 c3 38. Rh1 c2 39. Kf2 Nb3 0-1

[Event "S02021, 2020 Server NA  Class B, Rd 1"]
[Site "CCLA"]
[Date "2020.04.25"]
[Round "?"]
[White "Disque, Philip"]
[Black "Strelecky, Rich"]
[Result "0-1"]
[WhiteElo "1689"]
[BlackElo "1756"]

1. Nf3 c5 2. c4 Nf6 3. Nc3 Nc6 4. g3 d5 5. d4 e6 6. cxd5 exd5 7. Bg2 c4 8.
 O-O Be7 9. Bg5 O-O 10. Ne5 Nxe5 11. dxe5 Ng4 12. Bxe7 Qxe7 13. Nxd5 Qxe5 
14. Qc2 Bd7 15. Nc3 Qc7 16. Nd5 Qc5 17. b4 Qd6 18. Rad1 Ne5 19. Rd4 a5 20.
 Qc3 axb4 21. Nxb4 Qb6 22. Rd5 Rfe8 23. a3 Qc7 24. Rd2 Ra5 25. Nd5 Qc5 26.
 Ra1 b6 27. Ne3 Ra4 28. Rd5 Qc7 29. Rd4 Qc5 30. Rd5 Qc7 31. f4 Ng6 32. Bf3
Bc6 33. Nf5 f6 34. Rd6 Bxf3 35. Qxf3 Qc5+ 36. Kf1 Qxf5 37. Qc6 Rea8 38. 
Re6 Nf8 39. Re8 Rxe8 40. Qxe8 Qd7 41. Qe3 Qc6 42. Rc1 Qh1+ 43. Kf2 Qxh2+ 
44. Ke1 Qh1+ 45. Kd2 Qd5+ 46. Kc2 Qc5 47. Qxc5 bxc5 48. Kb2 Ne6 49. e3 f5 
50. Rd1 Kf7 51. Rc1 Nc7 52. Ra1 Nd5 53. Rd1 Nxe3 54. Rd7+ Kg6 55. Rc7 Ra5 
56. Rc6+ Kh5 57. Rc7 c3+ 58. Kc1 Rxa3 0-1

[Event "S02021, 2020 Server NA  Class B, Rd 1"]
[Site "CCLA"]
[Date "2020.04.25"]
[Round "?"]
[White "Avery, Bryce"]
[Black "Disque, Philip"]
[Result "1-0"]
[WhiteElo "1747"]
[BlackElo "1689"]

1. d4 Nf6 2. c4 c5 3. d5 e6 4. Nc3 exd5 5. cxd5 d6 6. e4 g6 7. f4 Bg7 8. 
Bb5+ Nbd7 9. e5 dxe5 10. fxe5 Nh5 11. Nf3 O-O 12. Bg5 Qb6 13. Qe2 a6 14. 
Ba4 Qb4 15. O-O-O b5 16. Bc2 Nf4 17. Qe3 Nxg2 18. Qd2 Re8 19. Qxg2 Bb7 20.
 Rhe1 Nb6 21. Re4 Nc4 22. Bb3 Rac8 23. Bxc4 bxc4 24. Qe2 a5 25. Qxc4 f6 
26. exf6 Rxe4 27. Qxe4 Qxe4 28. Nxe4 Bf8 29. Ne5 1-0

[Event "S02021, 2020 Server NA  Class B, Rd 1"]
[Site "CCLA"]
[Date "2020.04.25"]
[Round "?"]
[White "Avery, Bryce"]
[Black "Smail, John"]
[Result "1-0"]
[WhiteElo "1747"]
[BlackElo "1682"]

1. e4 c5 2. Nf3 e6 3. d4 cxd4 4. Nxd4 a6 5. Bd3 Bc5 6. Nb3 Be7 7. Qg4 g6 
8. Nc3 Nf6 9. Qg3 O-O 10. O-O d6 11. f4 Nc6 12. a3 Nh5 13. Qf3 f5 14. Be3 
Ng7 15. Rae1 Qc7 16. exf5 Nxf5 17. Bxf5 Rxf5 18. g4 Rf7 19. Qg2 Bd7 20. 
Rf3 Na5 21. Nxa5 Qxa5 22. Rh3 Bf6 23. Qxb7 Qd8 24. Ne4 Be7 25. b4 Bb5 26. 
Ng3 Bf6 27. Qe4 Qc8 28. Bd2 Re7 29. f5 exf5 30. Qd5+ Kg7 31. Rxe7+ Bxe7 
32. Bh6+ 1-0

[Event "S02021, 2020 Server NA  Class B, Rd 1"]
[Site "CCLA"]
[Date "2020.04.25"]
[Round "?"]
[White "Avery, Bryce"]
[Black "Towery, Bryan"]
[Result "1-0"]
[WhiteElo "1747"]
[BlackElo "1591"]

1. c4 e5 2. Nc3 Nf6 3. Nf3 Nc6 4. g3 Be7 5. Bg2 O-O 6. O-O Bc5 7. e3 d5 8.
 cxd5 Nxd5 9. Qb3 b6 10. Qxd5 Bd7 11. Nxe5 Rb8 12. Nxc6 Bxc6 13. Qxd8 
Rbxd8 14. Bxc6 Rd6 15. Bg2 Rg6 16. d4 Bd6 17. Nb5 a6 18. Nxd6 Rxd6 19. Rd1
1-0

[Event "S02021, 2020 Server NA  Class B, Rd 1"]
[Site "CCLA"]
[Date "2020.04.25"]
[Round "?"]
[White "Avery, Bryce"]
[Black "Fisher Jr., Arthur"]
[Result "1-0"]
[WhiteElo "1747"]
[BlackElo "1583"]

1. e4 e5 2. f4 exf4 3. Nf3 Be7 4. Bc4 Nf6 5. e5 Ne4 6. O-O d5 7. exd6 Nxd6
8. Bb3 O-O 9. d4 Bg4 10. Bxf4 Nd7 11. Nc3 Nf6 12. Qd3 Bh5 13. Rae1 Bg6 14.
 Qe3 Re8 15. Ne5 Bf8 16. Qf3 c6 17. g4 Nb5 18. Nxb5 cxb5 19. c3 Qb6 20. h4
Re7 21. Nxg6 hxg6 22. Rxe7 Bxe7 23. g5 Nh5 24. Bxf7+ Kh7 25. Bc7 Qxc7 26. 
Bxg6+ Kxg6 27. Qf5# 1-0

[Event "S02021, 2020 Server NA  Class B, Rd 1"]
[Site "CCLA"]
[Date "2020.04.25"]
[Round "?"]
[White "Avery, Bryce"]
[Black "Strelecky, Rich"]
[Result "0-1"]
[WhiteElo "1747"]
[BlackElo "1756"]

1. d4 Nf6 2. c4 g6 3. Nc3 Bg7 4. e4 d6 5. Nf3 O-O 6. h3 e5 7. d5 Nbd7 8. 
Bg5 h6 9. Be3 Nc5 10. Nd2 Bd7 11. b4 Na6 12. Rb1 Nh7 13. c5 Nb8 14. Nc4 
dxc5 15. bxc5 b6 16. c6 Be8 17. Qd2 g5 18. Be2 f5 19. f3 f4 20. Bf2 a6 21.
 O-O b5 22. Nxb5 axb5 23. Rxb5 Bxc6 24. dxc6 Qxd2 25. Nxd2 Nxc6 26. Rc5 
Nb4 27. Ra1 Rfc8 28. a4 Bf8 29. Rb5 Kh8 30. Bc5 Nc2 31. Ra2 c6 32. Ra5 
Rxa5 33. Bxf8 Nd4 34. Nc4 Nxe2+ 35. Rxe2 Rxa4 0-1

[Event "S02021, 2020 Server NA  Class B, Rd 1"]
[Site "CCLA"]
[Date "2020.04.25"]
[Round "?"]
[White "Smail, John"]
[Black "Disque, Philip"]
[Result "1-0"]
[WhiteElo "1682"]
[BlackElo "1689"]

1. e4 e6 2. d3 c5 3. Nd2 Nc6 4. g3 g6 5. Bg2 Bg7 6. Ngf3 Nge7 7. O-O O-O 
8. Re1 d6 9. c3 e5 10. Nf1 Bd7 11. h4 Qc8 12. Kh2 d5 13. exd5 Nxd5 14. Ne3
Nb6 15. Ng5 h6 16. Ne4 Qc7 17. Nxc5 Rad8 18. b4 Bc8 19. a4 Nd7 20. Nd5 Qd6
21. Nxd7 Bxd7 22. b5 Na5 23. Ba3 Qe6 24. Bxf8 Rxf8 25. c4 Qd6 26. Ra2 f5 
27. Qc2 b6 28. Qb1 Be8 29. Qb4 Qxb4 30. Nxb4 Nb3 31. Nc6 g5 32. hxg5 hxg5 
33. Nxe5 Nd4 34. Bd5+ Kh7 35. Kg2 Bxe5 36. Rxe5 1-0

[Event "S02021, 2020 Server NA  Class B, Rd 1"]
[Site "CCLA"]
[Date "2020.04.25"]
[Round "?"]
[White "Smail, John"]
[Black "Avery, Bryce"]
[Result "1-0"]
[WhiteElo "1682"]
[BlackElo "1747"]

1. Nf3 Nf6 2. g3 d5 3. Bg2 c5 4. O-O Nc6 5. d3 e5 6. Nbd2 Bg4 7. h3 Bh5 8.
 Re1 Bd6 9. e4 d4 10. c3 Qa5 11. Nc4 Qc7 12. a4 Na5 13. Nxa5 Qxa5 14. b4 
cxb4 15. cxd4 Bxf3 16. Bxf3 O-O 17. d5 Rac8 18. Bb2 Rfe8 19. Qd2 h6 20. 
Bg2 Qc5 21. Rec1 Qb6 22. a5 Rxc1+ 23. Qxc1 Qc5 24. Qxc5 Bxc5 25. Rc1 Nd7 
26. Kf1 b6 27. axb6 Bxb6 28. f4 f6 29. h4 Nc5 30. Ke2 Re7 31. fxe5 fxe5 
32. Bh3 Na4 33. Be6+ Kh7 34. Bxe5 a5 35. h5 Nc3+ 36. Bxc3 bxc3 37. Rxc3 
Rc7 38. Rxc7 Bxc7 39. g4 g5 40. Ke3 Kg7 41. Kd4 Kf6 42. Kc4 Ke5 43. Bf5 
Bb6 44. Bd7 Bd4 45. Ba4 Bb6 46. Kb5 Bd8 47. Kc6 Kf4 48. Bd1 a4 49. Bxa4 
Kxg4 50. Bd1+ Kf4 51. Kd6 g4 52. Bxg4 Kxg4 53. e5 1-0

[Event "S02021, 2020 Server NA  Class B, Rd 1"]
[Site "CCLA"]
[Date "2020.04.25"]
[Round "?"]
[White "Smail, John"]
[Black "Towery, Bryan"]
[Result "1-0"]
[WhiteElo "1682"]
[BlackElo "1591"]

1. Nf3 d5 2. c4 c6 3. b3 Nf6 4. g3 Nbd7 5. Bg2 e5 6. O-O Be7 7. d3 O-O 8. 
Bb2 Ng4 9. h3 Ngf6 10. Nxe5 Bd6 11. f4 Nh5 12. Kh2 Ndf6 13. e4 dxe4 14. 
dxe4 Qe7 15. Nd2 Rd8 16. Ng4 Bb4 17. Rf2 Bxg4 18. hxg4 Qc5 19. Qf3 Nxg4+ 
20. Qxg4 Qxf2 21. Bxg7 Nxg7 22. Nf3 Qb2 23. Rf1 Qxa2 24. e5 Qxb3 25. f5 
Kh8 26. Ng5 Kg8 27. e6 f6 28. Nxh7 Kxh7 29. Qg6+ Kh8 30. Rf4 1-0

[Event "S02021, 2020 Server NA  Class B, Rd 1"]
[Site "CCLA"]
[Date "2020.04.25"]
[Round "?"]
[White "Smail, John"]
[Black "Fisher Jr., Arthur"]
[Result "1/2-1/2"]
[WhiteElo "1682"]
[BlackElo "1583"]

1. Nf3 Nc6 2. c4 e5 3. Nc3 Nf6 4. e3 Be7 5. d4 exd4 6. Nxd4 Nxd4 7. exd4 
O-O 8. Bd3 d6 9. O-O Bg4 10. f3 Bh5 11. Be3 Bg6 12. Bxg6 fxg6 13. Qd3 c6 
14. Rae1 d5 15. c5 Qd7 16. b4 Rae8 17. a4 b6 18. Qa6 bxc5 19. bxc5 Rb8 20.
 Rb1 h6 21. Bf4 Rxb1 22. Rxb1 Nh5 23. Be5 Bf6 24. Rb7 Qe6 25. Qe2 Bxe5 26.
 Qxe5 Qxe5 27. dxe5 Re8 28. Rxa7 Rxe5 29. Kf1 Re3 30. Nxd5 cxd5 31. c6 Rc3
32. c7 Kh7 33. a5 Nf4 34. a6 Ne6 35. Rb7 Nxc7 36. a7 Na8 37. Rb8 Ra3 38. 
Rxa8 g5 39. Rd8 1/2-1/2

[Event "S02021, 2020 Server NA  Class B, Rd 1"]
[Site "CCLA"]
[Date "2020.04.25"]
[Round "?"]
[White "Smail, John"]
[Black "Strelecky, Rich"]
[Result "0-1"]
[WhiteElo "1682"]
[BlackElo "1756"]

1. e4 e5 2. Nf3 Nf6 3. Bc4 Nc6 4. d3 Bc5 5. c3 d6 6. Bb3 h6 7. h3 a6 8. 
Nbd2 O-O 9. Bc2 Re8 10. Nb3 Bb6 11. Qe2 Nh5 12. g4 Nf4 13. Bxf4 exf4 14. 
d4 d5 15. e5 Na5 16. Nxa5 Bxa5 17. b4 Bb6 18. Qd3 g6 19. Qd2 Qf6 20. O-O-O
Qc6 21. Kb2 g5 22. Qd3 Qg6 23. Qxg6+ fxg6 24. Bxg6 Rf8 25. Bh5 a5 26. a3 
c6 27. h4 Bd8 28. hxg5 hxg5 29. Nd2 Be7 30. Bg6 axb4 31. axb4 Bxg4 32. 
Rdg1 Bf5 33. Rh7 Bxb4 34. cxb4 Bxg6 35. Rxb7 Rfb8 36. Rxb8+ Rxb8 37. Rxg5 
Kg7 38. Kb3 Rf8 39. Rg1 Rh8 40. f3 Rh2 41. Kc3 Re2 42. b5 cxb5 43. Rd1 Rf2
44. Kb4 Kf7 45. Kc5 Bc2 46. Ne4 dxe4 47. Ra1 Rxf3 0-1

[Event "S02021, 2020 Server NA  Class B, Rd 1"]
[Site "CCLA"]
[Date "2020.04.25"]
[Round "?"]
[White "Towery, Bryan"]
[Black "Disque, Philip"]
[Result "1-0"]
[WhiteElo "1591"]
[BlackElo "1689"]

1. e4 c5 2. c3 g6 3. Nf3 Bg7 4. Bc4 Nc6 5. O-O e6 6. Re1 Nge7 7. d4 cxd4 
8. cxd4 O-O 9. d5 exd5 10. exd5 Na5 11. Bb3 Nxb3 12. Qxb3 d6 13. Nc3 a6 
14. Bg5 f6 15. Be3 b5 16. Nd4 Bd7 17. Ne6 Qb8 18. Nxf8 Kxf8 19. Bf4 Nf5 
20. Ne4 Bh6 21. Nxf6 Qd8 22. Bxd6+ Nxd6 23. Nxd7+ Qxd7 24. Re6 Nf5 25. Rd1
Rc8 26. Rxa6 Nd4 27. Qb4+ Qe7 28. Qxd4 Rc1 29. Qh8+ 1-0

[Event "S02021, 2020 Server NA  Class B, Rd 1"]
[Site "CCLA"]
[Date "2020.04.25"]
[Round "?"]
[White "Towery, Bryan"]
[Black "Avery, Bryce"]
[Result "0-1"]
[WhiteElo "1591"]
[BlackElo "1747"]

1. d4 Nf6 2. c4 e6 3. e3 d5 4. Nf3 b6 5. Nc3 Bb7 6. Qc2 Be7 7. c5 bxc5 8. 
Nb5 O-O 9. dxc5 Nc6 10. Bd3 Nb4 11. Qc3 Nxd3+ 12. Qxd3 Bxc5 13. O-O Ba6 
14. a4 c6 15. Bd2 cxb5 16. axb5 Bb7 17. Bc3 Ne4 18. Be5 Qb6 19. Rfb1 a5 
20. Nd4 f6 21. Bg3 Bxd4 22. Qxd4 Qxd4 23. exd4 Nxg3 24. hxg3 e5 25. Ra4 
Rfc8 26. Re1 Rc4 27. Rxc4 dxc4 28. dxe5 fxe5 29. Rxe5 Kf7 30. b6 Ra6 31. 
Rb5 Ke6 32. Kf1 Kd6 33. g4 Kc6 34. Rh5 h6 35. g5 Kxb6 36. gxh6 gxh6 37. 
Rxh6+ Kb5 38. Rh5+ Kb4 39. Rh7 Rb6 40. Rd7 Kb3 0-1

[Event "S02021, 2020 Server NA  Class B, Rd 1"]
[Site "CCLA"]
[Date "2020.04.25"]
[Round "?"]
[White "Towery, Bryan"]
[Black "Smail, John"]
[Result "0-1"]
[WhiteElo "1591"]
[BlackElo "1682"]

1. Nf3 e6 2. d4 f5 3. c4 Nf6 4. Bg5 Be7 5. Nc3 d6 6. e3 O-O 7. c5 h6 8. 
Nh4 hxg5 9. Ng6 Rf7 10. Be2 Nbd7 11. O-O Nf8 12. Nxf8 Bxf8 13. cxd6 cxd6 
14. d5 e5 15. Qb3 a6 16. Qc2 b5 17. Qb3 g6 18. a4 Rb8 19. axb5 axb5 20. 
Bxb5 Rfb7 21. f3 Bd7 22. Ra5 Qxa5 23. Qa4 Qxa4 24. Bxa4 Bxa4 25. Nxa4 Rb4 
26. Nc3 Rxb2 27. Rf2 Rxf2 0-1

[Event "S02021, 2020 Server NA  Class B, Rd 1"]
[Site "CCLA"]
[Date "2020.04.25"]
[Round "?"]
[White "Towery, Bryan"]
[Black "Fisher Jr., Arthur"]
[Result "1/2-1/2"]
[WhiteElo "1591"]
[BlackElo "1583"]

1. c4 e5 2. Nc3 Nf6 3. g3 Nc6 4. d3 d6 5. e4 Be7 6. Bg2 O-O 7. Nd5 Be6 8. 
Nh3 Nxd5 9. exd5 Bxh3 10. Bxh3 Nd4 11. O-O Bg5 12. Be3 Qf6 13. b3 Nf5 14. 
Bd2 Bxd2 15. Qxd2 Nd4 16. Bg2 Nf3+ 17. Bxf3 Qxf3 18. Rae1 f5 19. Qe2 Qxe2 
20. Rxe2 f4 21. f3 fxg3 22. hxg3 a5 23. Kf2 Rf6 24. Ke3 Raf8 25. Ref2 b6 
26. d4 exd4+ 27. Kxd4 h5 28. f4 Rg6 29. Rf3 Rg4 30. Re1 h4 31. gxh4 Rxh4 
32. Re4 Rh2 33. a3 Ra2 34. a4 Rd2+ 35. Kc3 Rh2 36. Re7 Rf7 37. Re4 Rh4 38.
 Kd4 Rf5 39. Ke3 g5 40. Rg3 g4 41. Re8+ Rf8 42. Rxf8+ Kxf8 43. f5 Kf7 44. 
Ke4 Kf6 45. Kf4 Rh3 46. Kxg4 Rxg3+ 47. Kxg3 Kxf5 48. Kf3 Ke5 49. Ke3 Kf5 
1/2-1/2

[Event "S02021, 2020 Server NA  Class B, Rd 1"]
[Site "CCLA"]
[Date "2020.04.25"]
[Round "?"]
[White "Towery, Bryan"]
[Black "Strelecky, Rich"]
[Result "1-0"]
[WhiteElo "1591"]
[BlackElo "1756"]

1. d4 d5 2. Nf3 Nf6 3. e3 e6 4. Nbd2 c5 5. c4 Nc6 6. Bd3 cxd4 7. exd4 Bd6 
8. O-O dxc4 9. Nxc4 Bc7 10. Be3 O-O 11. Bg5 h6 12. Bh4 g5 13. Bg3 Bxg3 14.
 fxg3 Nxd4 15. Nfe5 b5 16. Ne3 Qe7 17. N5g4 Nxg4 18. Nxg4 Qc5 19. Kh1 Kg7 
20. Rc1 Qd5 21. Nf6 Qd6 22. Nh5+ Kg8 23. Nf6+ Kg7 24. Ne4 Qd8 25. h4 f5 
26. hxg5 hxg5 27. Nd2 Qd6 28. Qe1 Rh8+ 29. Kg1 Bb7 30. Qe3 Rh5 31. Rc3 b4 
32. Rc4 Rd8 33. Rfc1 Kh8 34. Rc7 Rd7 35. Rxd7 Qxd7 36. Qe5+ Qg7 37. Qb8+ 
Qg8 38. Qxb7 Rh7 39. Qxb4 Rd7 40. Nc4 Qd8 41. Ne5 a5 42. Qc5 Rb7 43. Rc4 
Nb5 44. a4 Na7 45. g4 f4 46. Rd4 Qe8 47. Ng6+ Kg7 48. Qxg5 Rf7 49. Nxf4+ 
Kh8 50. Rd8 Re7 51. Qxe7 Qxd8 52. Qh7# 1-0

[Event "S02021, 2020 Server NA  Class B, Rd 1"]
[Site "CCLA"]
[Date "2020.04.25"]
[Round "?"]
[White "Fisher Jr., Arthur"]
[Black "Disque, Philip"]
[Result "1/2-1/2"]
[WhiteElo "1583"]
[BlackElo "1689"]

1. e4 d5 2. exd5 Qxd5 3. Nc3 Qd6 4. Nf3 Nf6 5. d4 c6 6. Bd3 Bg4 7. Be3 
Nbd7 8. O-O e6 9. Be2 Be7 10. Qd2 Qc7 11. Bf4 Bd6 12. Bxd6 Qxd6 13. Rad1 
O-O 14. Rfe1 Rad8 15. Qd3 Bf5 16. Qd2 Ne4 17. Qe3 Nxc3 18. Qxc3 Nf6 19. 
Bd3 Bg4 20. Qd2 Qc7 21. c3 Rd5 22. Re3 Rh5 23. h3 Bxf3 24. Rxf3 Qa5 25. a3
Qc7 26. Qe2 Ng4 27. Rg3 Nf6 28. Qf3 Rh6 29. Re1 Nh5 30. Rg5 Qf4 31. Qxf4 
Nxf4 32. Bf1 Rd8 33. Rge5 Kf8 34. R5e4 Rf6 35. g3 Nd5 36. Bg2 Nc7 37. R1e3
Nd5 38. Rf3 Rxf3 39. Bxf3 b6 40. Rh4 h6 41. Bxd5 cxd5 42. f4 Rd6 43. g4 
Kg8 44. g5 Kh7 45. gxh6 gxh6 46. Rg4 b5 47. Rg2 Rc6 48. Kf2 f5 49. Ke3 a5 
50. h4 Rc7 51. h5 a4 52. Rg6 Rc6 1/2-1/2

[Event "S02021, 2020 Server NA  Class B, Rd 1"]
[Site "CCLA"]
[Date "2020.04.25"]
[Round "?"]
[White "Fisher Jr., Arthur"]
[Black "Avery, Bryce"]
[Result "0-1"]
[WhiteElo "1583"]
[BlackElo "1747"]

1. d4 Nf6 2. c4 g6 3. Nc3 d5 4. Nf3 Bg7 5. cxd5 Nxd5 6. e4 Nxc3 7. bxc3 c5
8. Bc4 O-O 9. O-O Nc6 10. Be3 Bg4 11. dxc5 Bxc3 12. Qxd8 Rfxd8 13. Rac1 
Bg7 14. Be2 a6 15. h3 Be6 16. Bc4 Bxc4 17. Rxc4 Rd3 18. Rb1 Ra7 19. Rc2 
Rc3 20. Rxc3 Bxc3 21. Rd1 Kf8 22. Bh6+ Bg7 23. Bxg7+ Kxg7 24. e5 Ra8 25. 
Rd7 Rb8 26. Nd4 Nxd4 27. Rxd4 Kf8 28. Rb4 Rc8 29. Rxb7 Rxc5 30. Ra7 Ra5 
31. f4 Rxa2 32. g3 a5 33. Ra8+ Kg7 34. Ra7 e6 35. g4 h5 36. f5 gxf5 37. 
gxf5 exf5 38. e6 Kf6 39. exf7 Kg7 40. Re7 h4 41. Re5 Kxf7 42. Rxf5+ Kg6 
43. Rf4 Kg5 44. Rg4+ Kh5 45. Rg8 Ra3 46. Ra8 a4 47. Kf2 Ra2+ 48. Ke1 a3 
49. Kd1 Ra1+ 50. Kc2 a2 51. Kb2 Rh1 52. Ra5+ Kg6 53. Kxa2 Rxh3 54. Kb2 Rg3
55. Ra8 Kf5 56. Rh8 h3 57. Kc2 Ke4 58. Kd2 Kf3 59. Ke1 Kg2 60. Rf8 h2 61. 
Rf2+ Kh3 0-1

[Event "S02021, 2020 Server NA  Class B, Rd 1"]
[Site "CCLA"]
[Date "2020.04.25"]
[Round "?"]
[White "Fisher Jr., Arthur"]
[Black "Smail, John"]
[Result "0-1"]
[WhiteElo "1583"]
[BlackElo "1682"]

1. e4 c5 2. Nf3 e6 3. Nc3 Nc6 4. Bc4 a6 5. O-O b5 6. Be2 Be7 7. a3 Nf6 8. 
d3 d5 9. exd5 exd5 10. Bg5 h6 11. Bh4 O-O 12. Bg3 Bf5 13. Rc1 b4 14. axb4 
Nxb4 15. Nh4 Bh7 16. Nf3 d4 17. Na4 Nd7 18. c3 dxc3 19. Nxc3 f5 20. Be5 
Kh8 21. d4 Nxe5 22. dxe5 Qc7 23. Nd5 Nxd5 24. Qxd5 Rad8 25. Qc4 a5 26. Nd4
Bg8 27. Qc3 Qb6 28. Nf3 Be6 29. Rcd1 g5 30. Nd2 Rd4 31. Nf3 Rb4 32. Rd2 g4
33. Ne1 f4 34. Nd3 Re4 35. Rc1 c4 36. Ne1 Bb4 37. Rd6 Qxd6 38. exd6+ Bxc3 
39. bxc3 Rxe2 40. Nc2 Bd7 41. Nd4 Rd2 42. Re1 Re8 43. Rxe8+ Bxe8 44. f3 
Rxd4 45. cxd4 c3 46. fxg4 c2 0-1

[Event "S02021, 2020 Server NA  Class B, Rd 1"]
[Site "CCLA"]
[Date "2020.04.25"]
[Round "?"]
[White "Fisher Jr., Arthur"]
[Black "Towery, Bryan"]
[Result "0-1"]
[WhiteElo "1583"]
[BlackElo "1591"]

1. e4 c6 2. d4 d5 3. exd5 cxd5 4. Nf3 e6 5. Bd3 Nc6 6. c3 Be7 7. O-O Nf6 
8. h3 O-O 9. Nbd2 Bd6 10. Re1 Nh5 11. Ne5 Nf4 12. Ndf3 Nxd3 13. Qxd3 Nxe5 
14. dxe5 Bc5 15. Be3 Bb6 16. Bxb6 Qxb6 17. Ng5 g6 18. Qd2 Qc7 19. Nf3 Bd7 
20. Qh6 f5 21. exf6 Rxf6 22. Ng5 Bc8 23. Nf3 Qg7 24. Qxg7+ Kxg7 25. Rad1 
Rf7 26. Re5 Kf6 27. Rde1 Bd7 28. Nd4 Re8 29. Nxe6 Rxe6 30. Rxe6+ Bxe6 31. 
a3 Rd7 32. Rd1 Bf5 33. Rd4 Ke6 34. f3 Kd6 35. Kf2 Re7 36. c4 Kc5 37. Rxd5+
Kxc4 38. Rd2 Kb3 39. Kg3 Bc2 40. Kg4 Kxb2 41. Kg5 Rc7 42. Kh6 Kxa3 0-1

[Event "S02021, 2020 Server NA  Class B, Rd 1"]
[Site "CCLA"]
[Date "2020.04.25"]
[Round "?"]
[White "Fisher Jr., Arthur"]
[Black "Strelecky, Rich"]
[Result "1/2-1/2"]
[WhiteElo "1583"]
[BlackElo "1756"]

1. d4 Nf6 2. Nf3 d5 3. Nc3 c5 4. e3 cxd4 5. exd4 Nc6 6. Bb5 a6 7. Bxc6+ 
bxc6 8. Ne5 Bb7 9. O-O e6 10. Be3 Bd6 11. h3 O-O 12. Ng4 Re8 13. Bg5 Be7 
14. Nxf6+ Bxf6 15. Bxf6 Qxf6 16. Qg4 a5 17. Rfe1 Qe7 18. a3 c5 19. Ne2 c4 
20. Ng3 f6 21. Re3 Kh8 22. Rae1 Ra6 23. Nf5 Qc7 24. Rg3 Rg8 25. Nh4 Qf7 
26. f4 f5 27. Qe2 Qf6 28. Nf3 Rb6 29. c3 Re8 30. Ne5 Qe7 31. Qh5 Kg8 32. 
Re2 Rb8 33. Rf3 Qe8 34. Qxe8+ Rxe8 35. Rff2 Bc6 36. Nxc6 Rxc6 37. Rd2 
1/2-1/2

[Event "S02021, 2020 Server NA  Class B, Rd 1"]
[Site "CCLA"]
[Date "2020.04.25"]
[Round "?"]
[White "Strelecky, Rich"]
[Black "Disque, Philip"]
[Result "0-1"]
[WhiteElo "1756"]
[BlackElo "1689"]

1. Nc3 c5 2. e4 g6 3. Nf3 Bg7 4. d4 cxd4 5. Nxd4 Nc6 6. Be3 Nf6 7. Bc4 O-O
8. O-O Nxe4 9. Nxc6 bxc6 10. Nxe4 d5 11. Nd2 dxc4 12. c3 Be6 13. Re1 Qc7 
14. Qe2 Rfd8 15. Nxc4 Rd5 16. Qf3 Rf5 17. Qe4 Bd5 18. Qg4 c5 19. Bd2 Rd8 
20. Rad1 Bxc4 21. Qxc4 Rfd5 22. Re2 Bh6 23. Rde1 Rxd2 24. Rxe7 Qxe7 25. 
Rxe7 Rd1+ 26. Qf1 Rxf1+ 27. Kxf1 Rd1+ 28. Re1 Rd7 29. h4 Kf8 30. b3 Bg7 
31. c4 Bc3 32. Rc1 Bb2 33. Rc2 Bf6 34. g3 Rd1+ 35. Kg2 Rb1 36. Kf3 Rb2 37.
 Rxb2 Bxb2 38. Ke4 Bd4 39. f4 f5+ 40. Kf3 h5 41. a3 Ke7 42. Kg2 Kd6 43. a4
Bc3 44. Kf1 Kc6 45. Kf2 Kb6 46. Ke2 Ka5 47. Kd3 Kb4 48. Kc2 Be1 49. a5 
Bxg3 50. a6 Bxh4 51. Kb2 Bg3 52. Kc2 h4 53. Kd2 h3 54. Ke2 h2 55. Kf3 
h1=Q+ 56. Kxg3 Qg1+ 57. Kf3 Kxb3 58. Ke2 Kc2 59. Kf3 Qf1+ 0-1

[Event "S02021, 2020 Server NA  Class B, Rd 1"]
[Site "CCLA"]
[Date "2020.04.25"]
[Round "?"]
[White "Strelecky, Rich"]
[Black "Avery, Bryce"]
[Result "1/2-1/2"]
[WhiteElo "1756"]
[BlackElo "1747"]

1. Nc3 e5 2. e4 Nf6 3. Nf3 Bc5 4. Bc4 Nc6 5. d3 h6 6. O-O O-O 7. h3 a6 8. 
a3 d6 9. b4 Ba7 10. Re1 Be6 11. Bxe6 fxe6 12. Be3 Bxe3 13. Rxe3 Qe7 14. 
Qd2 Rad8 15. Ne2 d5 16. Ng3 dxe4 17. Nxe4 Nxe4 18. Rxe4 Qd6 19. Rae1 Rf4 
20. Qe3 Nd4 21. Nxd4 Rxe4 22. Qxe4 Qxd4 23. Qxe5 Qxe5 24. Rxe5 Kf7 25. f4 
Rd6 26. a4 1/2-1/2

[Event "S02021, 2020 Server NA  Class B, Rd 1"]
[Site "CCLA"]
[Date "2020.04.25"]
[Round "?"]
[White "Strelecky, Rich"]
[Black "Smail, John"]
[Result "1-0"]
[WhiteElo "1756"]
[BlackElo "1682"]

1. Nc3 d6 2. Nf3 g6 3. e4 Bg7 4. Bb5+ c6 5. Bd3 Bg4 6. O-O Nd7 7. Be2 Ngf6
8. d4 Qc7 9. e5 Nd5 10. exd6 Qxd6 11. Ne4 Qc7 12. c4 Nf4 13. Bxf4 Qxf4 14.
 Neg5 h6 15. g3 Qc7 16. Ne4 Bxf3 17. Bxf3 O-O-O 18. Qd2 Ne5 19. Be2 Rxd4 
20. Qc2 f5 21. Nc5 Qd6 22. Nb3 Re4 23. c5 Qe6 24. f3 Ra4 25. Nc1 Rc4 26. 
Bxc4 Nxc4 27. Nd3 Bd4+ 28. Kh1 Ne3 29. Qe2 Qf6 30. Rfe1 e5 31. a4 Re8 32. 
Qd2 f4 33. a5 a6 34. Ra4 fxg3 35. Rxe3 g2+ 36. Kxg2 Qg5+ 37. Kf2 Qh4+ 38. 
Ke2 Qxh2+ 39. Kd1 Qg3 40. Rxd4 1-0

[Event "S02021, 2020 Server NA  Class B, Rd 1"]
[Site "CCLA"]
[Date "2020.04.25"]
[Round "?"]
[White "Strelecky, Rich"]
[Black "Towery, Bryan"]
[Result "1-0"]
[WhiteElo "1756"]
[BlackElo "1591"]

1. Nc3 c5 2. e4 e6 3. Nf3 d5 4. exd5 Nf6 5. Bb5+ Nbd7 6. dxe6 fxe6 7. Ng5 
Qe7 8. Qe2 e5 9. Bc4 Nb6 10. Nf7 Nxc4 11. Nxh8 Nd6 12. h3 Nf7 13. Qb5+ Nd7
14. Nxf7 Qxf7 15. O-O a6 16. Qd3 g6 17. Nd5 Bd6 18. Nb6 Nxb6 19. Qxd6 Nd7 
20. f4 Qe7 21. Qxe7+ Kxe7 22. d3 Ke6 23. Re1 Kf5 24. fxe5 Nxe5 25. b3 Kf6 
26. Bb2 Ke6 27. Rxe5+ Kd6 28. c4 Bf5 29. g4 Be6 30. Rae1 Bf7 31. Re7 Bg8 
32. Rxb7 Kc6 33. Ree7 Rc8 34. Be5 a5 35. a4 h5 36. Rbd7 1-0